The elegant universe : (Record no. 711)

MARC details
000 -LEADER
fixed length control field 00760cam a2200253 a 4500
005 - DATE AND TIME OF LATEST TRANSACTION
control field 20260322212031.0
008 - FIXED-LENGTH DATA ELEMENTS--GENERAL INFORMATION
fixed length control field data
010 ## - LIBRARY OF CONGRESS CONTROL NUMBER
LC control number 98025695
020 ## - INTERNATIONAL STANDARD BOOK NUMBER
International Standard Book Number 0393046885
020 ## - INTERNATIONAL STANDARD BOOK NUMBER
International Standard Book Number 9780393046885
040 ## - CATALOGING SOURCE
Original cataloging agency DLC
Transcribing agency DLC
Modifying agency DLC
050 00 - LIBRARY OF CONGRESS CALL NUMBER
Classification number QC794.6.S85
Item number G75 1999
082 00 - DEWEY DECIMAL CLASSIFICATION NUMBER
Classification number 539.7/258
Edition information 21
092 ## - LOCALLY ASSIGNED DEWEY CALL NUMBER (OCLC)
Classification number 539.7 G75 1999
001 - CONTROL NUMBER
control field data
100 1# - MAIN ENTRY--PERSONAL NAME
Personal name Greene, B.
Dates associated with a name 1963-
Fuller form of name (Brian),
245 14 - TITLE STATEMENT
Title The elegant universe :
Remainder of title superstrings, hidden dimensions, and the quest for the ultimate theory /
Statement of responsibility, etc. B. Greene.
250 ## - EDITION STATEMENT
Edition statement 1st ed.
260 ## - PUBLICATION, DISTRIBUTION, ETC.
Place of publication, distribution, etc. New York :
Name of publisher, distributor, etc. W. W. Norton,
Date of publication, distribution, etc. c1999.
300 ## - PHYSICAL DESCRIPTION
Extent xiii, 448 p. :
Other physical details ill. ;
Dimensions 24 cm.
504 ## - BIBLIOGRAPHY, ETC. NOTE
Bibliography, etc. note Includes bibliographical references (p. 427-428) and index.
650 #0 - SUBJECT ADDED ENTRY--TOPICAL TERM
Topical term or geographic name entry element Superstring theories.
650 #0 - SUBJECT ADDED ENTRY--TOPICAL TERM
Topical term or geographic name entry element Cosmology.
Holdings
Withdrawn status Lost status Damaged status Not for loan Home library Current library Shelving location Date acquired Total checkouts Full call number Barcode Date last seen Price effective from Koha item type
        Riverside Riverside General stacks 22/03/2026   539.7/258 21 BC0010728 22/03/2026 22/03/2026 Books